[Event "SR 4. liga A21 2018/2019"]
[Site "?"]
[Date "2019.01.20"]
[Round "7.3"]
[White "Piestansky, Dusan"]
[Black "Valent, Tomas"]
[Result "1-0"]
[WhiteElo "1426"]
[BlackElo "1226"]
[PlyCount "101"]
[EventDate "2018.??.??"]
[WhiteTeam "Å K KamenÃ¡r Chtelnica"]
[BlackTeam "CVÄŒ Senica B"]

1. e4 e5 2. Nf3 Nc6 3. Bc4 Bc5 4. Nc3 d6 5. h3 Nf6 6. d3 Be6 7. Bxe6 fxe6 8.
O-O Qe7 9. Bg5 O-O-O 10. a3 h6 11. Bh4 g5 12. Bg3 Rdg8 13. b4 Bb6 14. Na4 g4
15. Nxb6+ cxb6 16. hxg4 Nxg4 17. Nh4 Qg5 18. Qe2 Nf6 19. c3 Nh5 20. Nf3 Nxg3
21. fxg3 Qxg3 22. Nh2 h5 23. Rf3 Qg5 24. Rh3 h4 25. Nf3 Qg4 26. Kf1 Qf4 27. Qf2
Rg3 28. Nxh4 Rxh4 29. Rxg3 Rh1+ 30. Ke2 Qxf2+ 31. Kxf2 Rxa1 32. Rg6 Nd8 33. Rg8
Rxa3 34. g4 Ra2+ 35. Kg3 Kd7 36. g5 Ke7 37. g6 Nc6 38. Kh4 Rg2 39. Kh5 Kf6 40.
Rf8+ Kg7 41. Rf7+ Kg8 42. Kh6 Rh2+ 43. Kg5 Nd8 44. Re7 Kf8 45. Rd7 Ke8 46. Rc7
Rg2+ 47. Kf6 d5 48. Re7+ Kf8 49. g7+ Kg8 50. Re8+ Kh7 51. Rh8# 1-0

[Event "SR 4. liga A21 2018/2019"]
[Site "?"]
[Date "2019.01.20"]
[Round "7.4"]
[White "Cerovsky, Marian"]
[Black "Husek, Lubomir"]
[Result "0-1"]
[WhiteElo "1805"]
[BlackElo "1875"]
[PlyCount "104"]
[EventDate "2018.??.??"]
[WhiteTeam "Å O KopÄ�any"]
[BlackTeam "Å achovÃ½ klub HolÃ­Ä� B"]

1. e4 e5 2. Nc3 Nf6 3. Bc4 Be7 4. d3 O-O 5. Nf3 d6 6. h3 Nc6 7. a3 a6 8. O-O b5
9. Ba2 Be6 10. Bxe6 fxe6 11. Ne2 d5 12. Ng3 Qd7 13. Qe2 Bd6 14. c3 Rae8 15. b4
Qc8 16. a4 Nd7 17. axb5 axb5 18. Bd2 Nb6 19. Rfb1 Qb7 20. Ng5 h6 21. Nf3 Kh7
22. Nh2 Nd7 23. Nh5 Nf6 24. Nxf6+ Rxf6 25. Qh5 Ref8 26. Rf1 d4 27. Rab1 Qb6 28.
Qe2 Ra8 29. Rb2 Ra4 30. Rfb1 Rf8 31. Nf3 Rfa8 32. Nh4 Ra1 33. Qg4 Rxb1+ 34.
Rxb1 Ne7 35. Qxe6 Rf8 36. Nf3 Rf6 37. Qa2 Ng6 38. c4 bxc4 39. Qxc4 Qa7 40. Qc1
Qb8 41. Qc4 Qf8 42. Ra1 Rxf3 43. gxf3 Qxf3 44. Ra8 Nf8 45. Qc2 Qxh3 46. Be1 Ng6
47. Qc4 Bf8 48. Rxf8 Nxf8 49. Qf7 Ng6 50. Qf5 Qxd3 51. f3 Qe2 52. Bf2 d3 0-1

[Event "SR 4. liga A21 2018/2019"]
[Site "?"]
[Date "2019.01.20"]
[Round "7.4"]
[White "Hrubos, Milan"]
[Black "Moravec, Milan"]
[Result "1/2-1/2"]
[WhiteElo "1754"]
[BlackElo "1641"]
[PlyCount "83"]
[EventDate "2018.??.??"]
[WhiteTeam "Å achovÃ½ klub HolÃ­Ä� B"]
[BlackTeam "Å O KopÄ�any"]

1. e4 e6 2. d4 d5 3. Nc3 dxe4 4. Nxe4 Nd7 5. Nf3 Ngf6 6. Ng3 Be7 7. Bd3 O-O 8.
h3 b6 9. O-O Bb7 10. c4 c5 11. dxc5 Nxc5 12. Be2 Qxd1 13. Rxd1 Rfd8 14. Be3
Nce4 15. Nxe4 Nxe4 16. Nd4 Bc5 17. Rac1 Bxd4 18. Bxd4 Rd7 19. Be3 Rad8 20. Rxd7
Rxd7 21. Rd1 Rxd1+ 22. Bxd1 e5 23. f3 Nd6 24. Bb3 Nf5 25. Bf2 Ne7 26. c5 bxc5
27. Bxc5 Nc6 28. Bd5 a6 29. b4 Nd8 30. Bc4 Nc6 31. Kf2 g6 32. Ke3 Kg7 33. a4 f5
34. g3 Kf6 35. Bxa6 Bxa6 36. b5 Bxb5 37. axb5 Na5 38. Bb4 Nb7 39. Bc3 Ke6 40.
f4 exf4+ 41. gxf4 Kd5 42. Bd4 1/2-1/2

[Event "SR 4. liga A21 2018/2019"]
[Site "?"]
[Date "2019.01.20"]
[Round "7.4"]
[White "Damborsky, Pavol"]
[Black "Vach, Jozef"]
[Result "1/2-1/2"]
[WhiteElo "1612"]
[BlackElo "1680"]
[PlyCount "52"]
[EventDate "2018.??.??"]
[WhiteTeam "Å O KopÄ�any"]
[BlackTeam "Å achovÃ½ klub HolÃ­Ä� B"]

1. c4 c5 2. Nc3 Nc6 3. g3 g6 4. Bg2 Bg7 5. Ne4 d6 6. d3 Bd7 7. Nf3 Rb8 8. a3
Nd4 9. Nxd4 Bxd4 10. Rb1 Bc6 11. O-O f5 12. Ng5 Bxg2 13. Kxg2 Qc8 14. e3 Bg7
15. f4 Nf6 16. Qa4+ Qc6+ 17. Qxc6+ bxc6 18. h3 O-O 19. Ne6 Rfe8 20. Nxg7 Kxg7
21. Bd2 e5 22. fxe5 Rxe5 23. Rf3 d5 24. Bc3 Re6 25. Bxf6+ Rxf6 26. cxd5 cxd5
1/2-1/2

[Event "SR 4. liga A21 2018/2019"]
[Site "?"]
[Date "2019.01.20"]
[Round "7.4"]
[White "Stehlik, Jan"]
[Black "Dubecky, Ladislav"]
[Result "1/2-1/2"]
[WhiteElo "1602"]
[BlackElo "1585"]
[PlyCount "67"]
[EventDate "2018.??.??"]
[WhiteTeam "Å achovÃ½ klub HolÃ­Ä� B"]
[BlackTeam "Å O KopÄ�any"]

1. e4 e5 2. Nf3 d6 3. Bc4 Nf6 4. d3 Be7 5. Bg5 O-O 6. c3 Bg4 7. h3 Bh5 8. Nbd2
Nc6 9. g4 Bg6 10. Nh4 Na5 11. Nxg6 hxg6 12. h4 Nh7 13. Bxe7 Qxe7 14. h5 g5 15.
Qf3 Nxc4 16. Nxc4 Qd7 17. Ne3 g6 18. Kf1 c6 19. Kg2 Rfe8 20. Qh3 Re6 21. hxg6
fxg6 22. Qh6 Rf8 23. f3 Ref6 24. Raf1 Qf7 25. Rh3 Qe7 26. Rfh1 R8f7 27. Rg3 Rg7
28. Qh2 Rff7 29. Rh3 Qf6 30. Qg3 Qe6 31. c4 Rf4 32. Qh2 Qd7 33. Qg1 Qc7 34. Qc1
1/2-1/2

[Event "SR 4. liga A21 2018/2019"]
[Site "?"]
[Date "2019.01.20"]
[Round "7.4"]
[White "Sprusansky, Ferdinand"]
[Black "Benak, Peter"]
[Result "0-1"]
[WhiteElo "1266"]
[BlackElo "1655"]
[PlyCount "112"]
[EventDate "2018.??.??"]
[WhiteTeam "Å O KopÄ�any"]
[BlackTeam "Å achovÃ½ klub HolÃ­Ä� B"]

1. e4 e5 2. Nf3 Nf6 3. d3 Nc6 4. Nc3 Be7 5. a3 O-O 6. d4 exd4 7. Nxd4 Nxd4 8.
Qxd4 c5 9. Qe3 d6 10. Bc4 Ng4 11. Qg3 Bh4 12. Qf3 Bxf2+ 13. Qxf2 Nxf2 14. Kxf2
Be6 15. Bd3 d5 16. Re1 dxe4 17. Bxe4 Qh4+ 18. Kf1 Bc4+ 19. Bd3 Rfe8 20. Be3
Bxd3+ 21. cxd3 Qxh2 22. Bxc5 b6 23. Bf2 Rxe1+ 24. Rxe1 Qd6 25. d4 f6 26. Nb5
Qc6 27. Nc3 Re8 28. d5 Qc4+ 29. Kg1 Rxe1+ 30. Bxe1 Kf7 31. Bg3 Ke7 32. Bb8 a6
33. Bg3 b5 34. d6+ Kd7 35. Kf2 Qb3 36. Ne4 Qxb2+ 37. Kf1 Qb1+ 38. Kf2 Qxe4 39.
Kg1 Qe3+ 40. Bf2 Qxa3 41. g3 Qxd6 42. Kg2 b4 43. g4 b3 44. Bg3 Qd3 45. g5 fxg5
46. Be5 b2 47. Bxb2 Qd2+ 48. Kg3 Qxb2 49. Kg4 Qe5 50. Kf3 Qd4 51. Ke2 Qc3 52.
Kf2 Qd3 53. Ke1 Qc2 54. Kf1 g4 55. Ke1 g3 56. Kf1 Qf2# 0-1

[Event "SR 4. liga A21 2018/2019"]
[Site "?"]
[Date "2019.01.20"]
[Round "7.5"]
[White "Brunovsky, Peter"]
[Black "Vodicka, Michal"]
[Result "0-1"]
[WhiteElo "1863"]
[BlackElo "1918"]
[PlyCount "80"]
[EventDate "2018.??.??"]
[WhiteTeam "Å K Nafta Gbely C"]
[BlackTeam "Å K KÃºpele PieÅ¡Å¥any C"]

1. c4 Nf6 2. Nc3 e6 3. g3 d5 4. d4 b6 5. Bg2 Bb7 6. Nf3 Nc6 7. O-O Be7 8. b3
O-O 9. cxd5 exd5 10. Bb2 Ne4 11. Ne1 f5 12. Nc2 Nb4 13. f4 Nxc2 14. Qxc2 c5 15.
Nxe4 fxe4 16. Qd2 Bf6 17. e3 Rc8 18. Rac1 Ba6 19. Rfd1 c4 20. bxc4 Bxc4 21. Ba3
Rf7 22. Bh3 Rc6 23. Qb2 Rb7 24. Qd2 Be7 25. Qb2 b5 26. Bxe7 Qxe7 27. a3 a5 28.
Qc3 b4 29. axb4 axb4 30. Qb2 Ra7 31. Ra1 Rca6 32. Rxa6 Rxa6 33. Ra1 Qb7 34.
Rxa6 Qxa6 35. Be6+ Qxe6 36. Qxb4 h6 37. Kg2 Qg4 38. Qb8+ Kh7 39. Qf8 h5 40. Qf7
Qf3+ 0-1

[Event "SR 4. liga A21 2018/2019"]
[Site "?"]
[Date "2019.01.20"]
[Round "7.5"]
[White "Bzdusek, Jan"]
[Black "Kubis, Ivan"]
[Result "0-1"]
[WhiteElo "1901"]
[BlackElo "1871"]
[PlyCount "62"]
[EventDate "2018.??.??"]
[WhiteTeam "Å K KÃºpele PieÅ¡Å¥any C"]
[BlackTeam "Å K Nafta Gbely C"]

1. d4 Nf6 2. c4 e6 3. Nc3 Bb4 4. Bg5 h6 5. Bh4 c5 6. e3 Nc6 7. Nf3 cxd4 8. Nxd4
O-O 9. Bd3 Ne5 10. O-O Nxd3 11. Qxd3 Be7 12. e4 d6 13. Ndb5 a6 14. Bxf6 gxf6
15. Nd4 Kh8 16. f4 Rg8 17. Rf3 Qb6 18. Na4 Qa5 19. b3 Bd7 20. Nc3 Rg7 21. Rh3
Rh7 22. f5 Rg8 23. Kh1 Qc5 24. Qd2 Bf8 25. Rf1 Rg4 26. fxe6 fxe6 27. Rxf6 Bg7
28. Nxe6 Qe5 29. Rf8+ Bxf8 30. Nxf8 Rf7 31. Qxh6+ Kg8 0-1

[Event "SR 4. liga A21 2018/2019"]
[Site "?"]
[Date "2019.01.20"]
[Round "7.5"]
[White "Valla, Tomas"]
[Black "Orvisky, Vladimir"]
[Result "1-0"]
[WhiteElo "1868"]
[BlackElo "1744"]
[PlyCount "109"]
[EventDate "2018.??.??"]
[WhiteTeam "Å K Nafta Gbely C"]
[BlackTeam "Å K KÃºpele PieÅ¡Å¥any C"]

1. e4 Nf6 2. e5 Nd5 3. d4 d6 4. f4 Nc6 5. Nf3 dxe5 6. fxe5 Bg4 7. c3 e6 8. Bd3
Be7 9. O-O O-O 10. Qe1 h6 11. Qg3 f5 12. exf6 Nxf6 13. h3 Bf5 14. Bxf5 exf5 15.
Bxh6 Nh5 16. Qg6 Qe8 17. Qxe8 Raxe8 18. Be3 Bd6 19. Bf2 Nf4 20. Nbd2 Nd3 21.
Nc4 Bf4 22. g3 Bh6 23. Rad1 Nxf2 24. Kxf2 b5 25. Nce5 Ne7 26. Nd7 Nd5 27. Nxf8
Ne3 28. Ng6 Nxd1+ 29. Rxd1 Re6 30. Nfe5 Rf6 31. Kf3 Kh7 32. Nf4 c6 33. Re1 g5
34. Nfd3 Bg7 35. Nd7 Rf7 36. N3e5 Re7 37. Re2 Re6 38. Nc5 Rd6 39. Nf7 Rg6 40.
Re6 Rxe6 41. Nxg5+ Kg6 42. Ngxe6 Bf6 43. h4 a5 44. b3 Be7 45. Nb7 Kf6 46. Ned8
Ba3 47. Nxc6 Bb2 48. c4 bxc4 49. bxc4 a4 50. d5 Be5 51. Nxe5 Kxe5 52. d6 Ke6
53. c5 Kd7 54. h5 Kc6 55. Na5+ 1-0

[Event "SR 4. liga A21 2018/2019"]
[Site "?"]
[Date "2019.01.20"]
[Round "7.5"]
[White "Siska, Kristof"]
[Black "Kastler, Peter"]
[Result "1-0"]
[WhiteElo "1735"]
[BlackElo "1741"]
[PlyCount "79"]
[EventDate "2018.??.??"]
[WhiteTeam "Å K KÃºpele PieÅ¡Å¥any C"]
[BlackTeam "Å K Nafta Gbely C"]

1. e4 e6 2. d4 d5 3. Nd2 dxe4 4. Nxe4 Nd7 5. Nf3 Ngf6 6. Bd3 Nxe4 7. Bxe4 Nf6
8. Bg5 Be7 9. Bd3 O-O 10. O-O b6 11. Qe2 Bb7 12. c3 Re8 13. a4 a5 14. Rfd1 Nd5
15. Bd2 c6 16. Ne5 Bf6 17. Bxh7+ Kf8 18. Bc2 Bxe5 19. Qxe5 Rc8 20. b4 Qc7 21.
Qxc7 Rxc7 22. bxa5 b5 23. Bd3 Ba6 24. Rdb1 Rb7 25. axb5 cxb5 26. Ra3 Reb8 27.
Rab3 f5 28. h3 Ke7 29. Bg5+ Kd7 30. g4 g6 31. Kg2 Kc6 32. Re1 Kd7 33. Kg3 Rc8
34. Bd2 Nc7 35. Re5 Nd5 36. gxf5 gxf5 37. Bxf5 Rg8+ 38. Bg4 b4 39. Rxd5+ Kc6
40. Rc5+ 1-0

[Event "SR 4. liga A21 2018/2019"]
[Site "?"]
[Date "2019.01.20"]
[Round "7.5"]
[White "Mraz, Jan"]
[Black "Nedorost, Lubomir"]
[Result "1-0"]
[WhiteElo "1678"]
[BlackElo "1609"]
[PlyCount "120"]
[EventDate "2018.??.??"]
[WhiteTeam "Å K Nafta Gbely C"]
[BlackTeam "Å K KÃºpele PieÅ¡Å¥any C"]

1. d4 Nf6 2. e3 d5 3. Bd3 e6 4. Ne2 Bd6 5. Ng3 O-O 6. Nd2 c6 7. O-O Ne8 8. f4
f5 9. Nf3 Nd7 10. Bd2 Nef6 11. c4 Ne4 12. cxd5 exd5 13. Ng5 Ndf6 14. Bxe4 fxe4
15. Qb3 Rb8 16. N5xe4 Kh8 17. Nxd6 Qxd6 18. Bb4 Qd8 19. Bxf8 Qxf8 20. Qa3 Qe8
21. Qd6 Be6 22. Rae1 Rd8 23. Qe5 Qf7 24. f5 Bc8 25. Rf4 Re8 26. Qd6 a6 27. Qc5
Re7 28. Qc2 Qe8 29. Qe2 b6 30. Rh4 c5 31. b3 a5 32. dxc5 bxc5 33. e4 dxe4 34.
Nh5 Bxf5 35. Nxf6 gxf6 36. Qh5 Bg6 37. Qxc5 Qd8 38. Qc3 Kg7 39. Rf4 Qb6+ 40.
Qe3 Qc6 41. h4 Qd5 42. g4 h5 43. Ref1 Rf7 44. Qc3 hxg4 45. Rxf6 Kh6 46. Qe3+
Kg7 47. Rxf7+ Bxf7 48. Qc3+ Kg8 49. Qc8+ Kh7 50. Qxg4 Qd4+ 51. Kh2 Qd2+ 52. Qg2
Qd6+ 53. Qg3 Qe6 54. Qf4 Bg6 55. h5 Bxh5 56. Qf5+ Qxf5 57. Rxf5 Kg6 58. Rxa5 e3
59. Rxh5 Kxh5 60. Kg3 Kg5 1-0

[Event "SR 4. liga A21 2018/2019"]
[Site "?"]
[Date "2019.01.20"]
[Round "7.6"]
[White "Hrubsa, Marian"]
[Black "Podjavorinsky, Michal"]
[Result "0-1"]
[WhiteElo "1923"]
[BlackElo "1895"]
[PlyCount "88"]
[EventDate "2018.??.??"]
[WhiteTeam "Å K Skalica C"]
[BlackTeam "ZÅ K VrbovÃ© A"]

1. e4 d5 2. exd5 Qxd5 3. Nc3 Qa5 4. Nf3 Nf6 5. d4 c6 6. Bd2 Qc7 7. Bc4 Bf5 8.
O-O e6 9. Re1 Be7 10. Rc1 O-O 11. Qe2 Nbd7 12. Nd1 Rfe8 13. Ne3 Bg6 14. Nf1 Ne4
15. Be3 Bf6 16. c3 Rad8 17. N1d2 Nxd2 18. Nxd2 Nb6 19. Bb3 Nd5 20. Qf3 Nxe3 21.
fxe3 e5 22. Qg3 Qe7 23. Qf2 Bh4 24. g3 Bf6 25. Nf3 h5 26. Rcd1 h4 27. Nxh4 Bxh4
28. gxh4 Rd6 29. Qg3 Bh5 30. Bc2 Bxd1 31. Rxd1 exd4 32. exd4 Re6 33. Rf1 Re1
34. Rxe1 Qxe1+ 35. Qxe1 Rxe1+ 36. Kf2 Ra1 37. Bb3 Rb1 38. Ke3 Rxb2 39. d5 Rxh2
40. d6 Kf8 41. d7 Ke7 42. Bxf7 Rxh4 43. Be6 Rh6 44. Bf5 Rd6 0-1

[Event "SR 4. liga A21 2018/2019"]
[Site "?"]
[Date "2019.01.20"]
[Round "7.6"]
[White "Blatnicky, Miroslav"]
[Black "Vepy, Ivan"]
[Result "1-0"]
[WhiteElo "2096"]
[BlackElo "1868"]
[PlyCount "69"]
[EventDate "2018.??.??"]
[WhiteTeam "ZÅ K VrbovÃ© A"]
[BlackTeam "Å K Skalica C"]

1. d4 Nf6 2. c4 e6 3. Nf3 b6 4. Bg5 Be7 5. e3 O-O 6. Nbd2 d5 7. Rc1 Nbd7 8.
cxd5 Nxd5 9. Bxe7 Nxe7 10. Bb5 Bb7 11. Qa4 Nf6 12. Ba6 Qc8 13. Bxb7 Qxb7 14.
O-O Rac8 15. b4 h6 16. Ne5 Rfd8 17. b5 Ra8 18. Qc4 Ne8 19. Nc6 Rd7 20. Nf3 Ng6
21. Nfe5 Nxe5 22. dxe5 a6 23. a4 g6 24. Rfd1 Rxd1+ 25. Rxd1 axb5 26. axb5 Ng7
27. h3 Rf8 28. Rd7 h5 29. Qf4 Qa8 30. Qf6 Ne8 31. Ne7+ Kh7 32. Qg5 Ng7 33. Nc6
Kg8 34. g4 Kh7 35. Qf6 1-0

[Event "SR 4. liga A21 2018/2019"]
[Site "?"]
[Date "2019.01.20"]
[Round "7.6"]
[White "Harasta, Marian"]
[Black "Miciak, Emanuel"]
[Result "0-1"]
[WhiteElo "1653"]
[BlackElo "1877"]
[PlyCount "40"]
[EventDate "2018.??.??"]
[WhiteTeam "Å K Skalica C"]
[BlackTeam "ZÅ K VrbovÃ© A"]

1. d4 Nf6 2. c4 d6 3. Nc3 g6 4. Nf3 Bg7 5. e3 O-O 6. Bd3 c5 7. d5 Nbd7 8. O-O
Ng4 9. Qc2 Nge5 10. Nxe5 Nxe5 11. f4 Nxd3 12. Qxd3 Bd7 13. a4 Rb8 14. Bd2 b6
15. Rfb1 Rb7 16. e4 Qb8 17. Nb5 a6 18. Nc3 Qc7 19. b4 cxb4 20. Rxb4 Qc5+ 0-1

[Event "SR 4. liga A21 2018/2019"]
[Site "?"]
[Date "2019.01.20"]
[Round "7.6"]
[White "Danihel, Jozef"]
[Black "Jancovicova, Petra"]
[Result "0-1"]
[WhiteElo "1521"]
[BlackElo "1654"]
[PlyCount "142"]
[EventDate "2018.??.??"]
[WhiteTeam "Å K Skalica C"]
[BlackTeam "ZÅ K VrbovÃ© A"]

1. d4 Nf6 2. c4 e6 3. a3 d5 4. e3 c5 5. Nf3 Nc6 6. cxd5 Nxd5 7. Bc4 Nf6 8. O-O
cxd4 9. exd4 Be7 10. Nc3 O-O 11. Ba2 Qb6 12. b4 Rd8 13. Be3 Qc7 14. Qc2 b6 15.
Rac1 Bb7 16. Bb1 g6 17. Ne2 Qd7 18. Rfd1 Rac8 19. Qb3 Qd5 20. Qb2 Qd7 21. Ba2
Nd5 22. b5 Na5 23. Ne5 Qd6 24. Bd2 Qxa3 25. Qxa3 Bxa3 26. Rxc8 Rxc8 27. Bxa5
bxa5 28. Nc4 Bb4 29. Bb3 Nc3 30. Nxc3 Bxc3 31. Nd6 Rb8 32. Rd3 Bb4 33. Nxb7
Rxb7 34. d5 exd5 35. Rxd5 Re7 36. g3 Rc7 37. Kg2 Kf8 38. h4 h5 39. Bd1 Ke7 40.
Ba4 Ke6 41. Rd3 Bc5 42. Bb3+ Kf6 43. Rf3+ Kg7 44. Ba4 Bb6 45. Bb3 Rd7 46. Rc3
Rd2 47. Rf3 f6 48. Kf1 Rb2 49. Kg2 Bxf2 50. Rxf2 Rxb3 51. Ra2 Rxb5 52. Ra3 Kf7
53. Kf3 Ke6 54. Ke4 Rb4+ 55. Kf3 a4 56. Kg2 Kd5 57. Rd3+ Kc4 58. Rd7 a3 59.
Rxa7 Rb2+ 60. Kf3 a2 61. Ke4 Rg2 62. Kf3 Rb2 63. Ke4 f5+ 64. Kf4 Kb3 65. Rb7+
Kc2 66. Ra7 Kb1 67. Kg5 a1=Q 68. Rxa1+ Kxa1 69. Kxg6 Rg2 70. Kxf5 Rxg3 71. Kf4
Rg4+ 0-1

[Event "SR 4. liga A21 2018/2019"]
[Site "?"]
[Date "2019.02.03"]
[Round "8.1"]
[White "Klimes, Karel"]
[Black "Podjavorinsky, Michal"]
[Result "0-1"]
[WhiteElo "1715"]
[BlackElo "1895"]
[PlyCount "42"]
[EventDate "2018.??.??"]
[WhiteTeam "Å K Å tefanov"]
[BlackTeam "ZÅ K VrbovÃ© A"]

1. d4 d5 2. Bf4 Nf6 3. Nf3 Bf5 4. e3 e6 5. c4 Bxb1 6. Rxb1 Bb4+ 7. Ke2 Bd6 8.
Bxd6 Qxd6 9. Qa4+ Nbd7 10. c5 Qe7 11. Ne5 c6 12. Nxd7 Nxd7 13. f4 O-O 14. Kf3
e5 15. dxe5 f6 16. g4 fxe5 17. f5 Qh4 18. h3 Rxf5+ 19. Ke2 Rf2+ 20. Kd1 Qg3 21.
Qa3 Qf3+ 0-1

[Event "SR 4. liga A21 2018/2019"]
[Site "?"]
[Date "2019.02.03"]
[Round "8.1"]
[White "Blatnicky, Miroslav"]
[Black "Wallner, Juraj"]
[Result "1-0"]
[WhiteElo "2102"]
[BlackElo "1598"]
[PlyCount "107"]
[EventDate "2018.??.??"]
[WhiteTeam "ZÅ K VrbovÃ© A"]
[BlackTeam "Å K Å tefanov"]

1. e4 c5 2. Nf3 e6 3. d4 d5 4. exd5 exd5 5. c3 Nf6 6. Bg5 cxd4 7. Qxd4 Be7 8.
Bb5+ Nc6 9. Ne5 Bd7 10. Bxc6 bxc6 11. O-O O-O 12. Nxd7 Nxd7 13. Bxe7 Qxe7 14.
Nd2 Nf6 15. Rfe1 Qd6 16. b4 Rfe8 17. Rad1 Qc7 18. Nb3 Red8 19. f3 h6 20. a4 a6
21. a5 Nd7 22. Nc5 Nxc5 23. Qxc5 Rdc8 24. Re7 Qf4 25. Rde1 Qf6 26. Rb7 Re8 27.
Ree7 Rxe7 28. Rxe7 Rd8 29. Re1 d4 30. cxd4 Qxd4+ 31. Qxd4 Rxd4 32. Re8+ Kh7 33.
Rb8 Rd1+ 34. Kf2 Rb1 35. Rb6 f6 36. g4 Kg6 37. h4 f5 38. Rxc6+ Kh7 39. Rb6 fxg4
40. fxg4 g6 41. Kf3 Kg7 42. Kf4 Rc1 43. h5 gxh5 44. gxh5 Rh1 45. Kg4 Rc1 46.
Kf5 Rf1+ 47. Ke5 Rh1 48. Rg6+ Kh7 49. Rxa6 Rxh5+ 50. Kf6 Rg5 51. Ra7+ Kh8 52.
a6 Rg8 53. Rb7 h5 54. a7 1-0

[Event "SR 4. liga A21 2018/2019"]
[Site "?"]
[Date "2019.02.03"]
[Round "8.1"]
[White "Tomasovic, Roman"]
[Black "Miciak, Emanuel"]
[Result "0-1"]
[WhiteElo "1550"]
[BlackElo "1853"]
[PlyCount "62"]
[EventDate "2018.??.??"]
[WhiteTeam "Å K Å tefanov"]
[BlackTeam "ZÅ K VrbovÃ© A"]

1. d4 d5 2. c4 c5 3. e3 Bf5 4. Nc3 e6 5. a3 Nf6 6. Nf3 h6 7. h3 Bd6 8. Bd3 Bxd3
9. Qxd3 Nbd7 10. cxd5 exd5 11. O-O O-O 12. Bd2 Re8 13. Rfe1 Ne4 14. Qc2 Ndf6
15. b4 Rc8 16. Qb2 Bb8 17. Rac1 Qd6 18. Ne2 Nd7 19. Rc2 Ng5 20. Nxg5 Qh2+ 21.
Kf1 hxg5 22. Ng1 g4 23. hxg4 Qh4 24. Nf3 Qxg4 25. Ke2 Nf6 26. Rh1 Ne4 27. Rcc1
f6 28. Rcg1 Kf7 29. Rh4 Qf5 30. Rgh1 Nd6 31. Rf4 Qxf4 0-1

[Event "SR 4. liga A21 2018/2019"]
[Site "?"]
[Date "2019.02.03"]
[Round "8.1"]
[White "Jancovicova, Petra"]
[Black "Visvader, Kristof"]
[Result "1/2-1/2"]
[WhiteElo "1652"]
[BlackElo "1372"]
[PlyCount "109"]
[EventDate "2018.??.??"]
[WhiteTeam "ZÅ K VrbovÃ© A"]
[BlackTeam "Å K Å tefanov"]

1. e4 e5 2. Nf3 Nc6 3. Bc4 Be7 4. O-O Nf6 5. Re1 d6 6. c3 O-O 7. Bb3 Bg4 8. d3
Qd7 9. Nbd2 Be6 10. Bc2 h6 11. Nf1 d5 12. exd5 Qxd5 13. Bb3 Qd6 14. Bxe6 Qxe6
15. Ng3 Rad8 16. Qe2 Bd6 17. Qc2 Qd7 18. Be3 Rfe8 19. Rad1 a6 20. Qd2 Nd5 21.
Nh5 Nxe3 22. Rxe3 f5 23. Ree1 f4 24. Nxe5 Nxe5 25. Nxf4 Qf5 26. Re4 Nc6 27.
Rxe8+ Rxe8 28. Ne2 Bxh2+ 29. Kxh2 Qh5+ 30. Kg1 Qxe2 31. d4 Qxd2 32. Rxd2 Kf7
33. d5 Rd8 34. b3 Ne7 35. c4 b6 36. Kf1 Nc8 37. Re2 Ne7 38. Rd2 Rd6 39. Ke2 c6
40. dxc6 Rxd2+ 41. Kxd2 Nxc6 42. Kd3 Ke6 43. a3 a5 44. Ke4 g6 45. f4 Ne7 46. b4
axb4 47. axb4 Kd6 48. c5+ bxc5 49. bxc5+ Kxc5 50. Ke5 h5 51. Ke6 Nd5 52. f5
gxf5 53. Kxf5 h4 54. Kg4 Ne3+ 55. Kxh4 1/2-1/2

[Event "SR 4. liga A21 2018/2019"]
[Site "?"]
[Date "2019.02.03"]
[Round "8.1"]
[White "Fajtakova, Silvia"]
[Black "Smrek, Peter"]
[Result "1/2-1/2"]
[WhiteElo "1401"]
[BlackElo "1698"]
[PlyCount "59"]
[EventDate "2018.??.??"]
[WhiteTeam "Å K Å tefanov"]
[BlackTeam "ZÅ K VrbovÃ© A"]

1. e4 c5 2. Nf3 Nf6 3. d4 cxd4 4. Nxd4 d6 5. Bb5+ Bd7 6. c3 Nc6 7. Bd3 h6 8.
O-O e6 9. Bc2 a6 10. Re1 Be7 11. Na3 b5 12. Qf3 O-O 13. Qg3 Kh8 14. f4 Rc8 15.
e5 Ng8 16. Qd3 g6 17. exd6 Bxd6 18. Kh1 Kh7 19. Nf3 Bxa3 20. bxa3 Nge7 21. Qd2
Be8 22. Qf2 Nd5 23. Rd1 Qa5 24. Rd3 Bd7 25. Qe2 f5 26. Rb1 Qc7 27. Ne5 Nxe5 28.
fxe5 Rce8 29. Rh3 h5 30. Bb3 {nehratelnÃ } 1/2-1/2

[Event "SR 4. liga A21 2018/2019"]
[Site "?"]
[Date "2019.02.03"]
[Round "8.2"]
[White "Vodicka, Michal"]
[Black "Bartos, Bohumil"]
[Result "1-0"]
[WhiteElo "1935"]
[BlackElo "1559"]
[PlyCount "51"]
[EventDate "2018.??.??"]
[WhiteTeam "Å K KÃºpele PieÅ¡Å¥any C"]
[BlackTeam "Å K Skalica C"]

1. e4 c6 2. d4 d5 3. e5 Bf5 4. Bd3 Bxd3 5. Qxd3 Qa5+ 6. Bd2 Qa6 7. Qe3 e6 8.
Ne2 Ne7 9. O-O Nd7 10. f4 Nf5 11. Qf3 h5 12. b4 Qb6 13. c3 h4 14. Na3 Be7 15.
Nc2 O-O-O 16. a4 Rdg8 17. a5 Qd8 18. Ne3 g5 19. Nxf5 g4 20. Nxe7+ Qxe7 21. Qd3
f5 22. c4 Kb8 23. cxd5 h3 24. g3 cxd5 25. Nc3 Qxb4 26. Nxd5 1-0

[Event "SR 4. liga A21 2018/2019"]
[Site "?"]
[Date "2019.02.03"]
[Round "8.2"]
[White "Strapko, Tomas"]
[Black "Romanova, Ela"]
[Result "1-0"]
[WhiteElo "1871"]
[BlackElo "1359"]
[PlyCount "43"]
[EventDate "2018.??.??"]
[WhiteTeam "Å K KÃºpele PieÅ¡Å¥any C"]
[BlackTeam "Å K Skalica C"]

1. e4 e5 2. Nf3 Nc6 3. Bb5 a6 4. Ba4 Nf6 5. O-O d6 6. Re1 b5 7. Bb3 Na5 8. c3
Nxb3 9. axb3 c5 10. d4 cxd4 11. cxd4 exd4 12. Qxd4 Be7 13. e5 dxe5 14. Qxe5 Kf8
15. Bf4 Bb4 16. Nc3 Be6 17. Nd4 Qe8 18. Ne4 Nxe4 19. Rxe4 Bd7 20. Qd5 Qc8 21.
Rc1 Qd8 22. Bc7 1-0

[Event "SR 4. liga A21 2018/2019"]
[Site "?"]
[Date "2019.02.03"]
[Round "8.2"]
[White "Londin, Lukas Vojtech"]
[Black "Siska, Kristof"]
[Result "0-1"]
[WhiteElo "1403"]
[BlackElo "1767"]
[PlyCount "86"]
[EventDate "2018.??.??"]
[WhiteTeam "Å K Skalica C"]
[BlackTeam "Å K KÃºpele PieÅ¡Å¥any C"]

1. e4 c5 2. Nc3 d6 3. f4 Nf6 4. Nf3 g6 5. h3 Bg7 6. Bb5+ Bd7 7. Bxd7+ Qxd7 8.
O-O O-O 9. d3 Nc6 10. Qe1 Rac8 11. Qh4 Nd4 12. Rf2 d5 13. e5 Nf5 14. exf6 Nxh4
15. Ne5 Qe6 16. fxg7 Kxg7 17. Bd2 Nf5 18. Re1 Qd6 19. Nf3 Nd4 20. Be3 Nxf3+ 21.
Rxf3 d4 22. Ne4 Qd5 23. Bf2 Qxa2 24. Nxc5 Qxb2 25. Re4 Rfd8 26. Nb3 Rxc2 27.
Nxd4 Qa1+ 28. Kh2 Rxf2 29. Rxf2 Rxd4 30. Rxe7 b5 31. f5 g5 32. f6+ Kg6 33. Re8
Rf4 34. Rc2 Qxf6 35. Rg8+ Kh6 36. Rgc8 Kg7 37. R8c6 Qa1 38. R2c5 Rf6 39. Rc7 g4
40. h4 g3+ 41. Kxg3 Qe1+ 42. Kh3 Qh1+ 43. Kg3 Rg6+ 0-1

[Event "SR 4. liga A21 2018/2019"]
[Site "?"]
[Date "2019.02.03"]
[Round "8.2"]
[White "Stolar, Michal"]
[Black "Dubanova, Kristina"]
[Result "1-0"]
[WhiteElo "1566"]
[BlackElo "1083"]
[PlyCount "53"]
[EventDate "2018.??.??"]
[WhiteTeam "Å K KÃºpele PieÅ¡Å¥any C"]
[BlackTeam "Å K Skalica C"]

1. Nf3 d5 2. d4 Nc6 3. g3 Bf5 4. Bg2 Nf6 5. Nc3 e6 6. a3 Bd6 7. Nh4 Bg6 8. Nb5
Bh5 9. Nxd6+ cxd6 10. c3 h6 11. Qd3 e5 12. dxe5 dxe5 13. Qb5 Qd7 14. Nf3 Qc7
15. h3 Bg6 16. Be3 b6 17. Nxe5 Qxe5 18. Qxc6+ Ke7 19. Bf4 Qf5 20. Bd6+ Ke6 21.
Bb4+ Ke5 22. f4+ Qxf4 23. gxf4+ Kxf4 24. Qd6+ Kf5 25. Rf1+ Kg5 26. Qg3+ Kh5 27.
Bf3+ 1-0

[Event "SR 4. liga A21 2018/2019"]
[Site "?"]
[Date "2019.02.03"]
[Round "8.3"]
[White "Zlamal, Marek"]
[Black "Kocak, Branislav"]
[Result "1/2-1/2"]
[WhiteElo "1855"]
[BlackElo "1883"]
[PlyCount "22"]
[EventDate "2018.??.??"]
[WhiteTeam "Å achovÃ½ klub HolÃ­Ä� B"]
[BlackTeam "Å K Nafta Gbely C"]

1. e4 c5 2. Nf3 d6 3. c3 Nf6 4. d3 Nc6 5. Be2 e6 6. Nbd2 Qc7 7. Nf1 d5 8. Ng3
Be7 9. O-O Bd7 10. a3 a5 11. Bd2 h5 1/2-1/2

[Event "SR 4. liga A21 2018/2019"]
[Site "?"]
[Date "2019.02.03"]
[Round "8.3"]
[White "Bilovsky, Milan"]
[Black "Vach, Jozef"]
[Result "1/2-1/2"]
[WhiteElo "1919"]
[BlackElo "1688"]
[PlyCount "24"]
[EventDate "2018.??.??"]
[WhiteTeam "Å K Nafta Gbely C"]
[BlackTeam "Å achovÃ½ klub HolÃ­Ä� B"]

1. c4 c5 2. e3 e6 3. d4 cxd4 4. exd4 Nf6 5. Nc3 d6 6. Nf3 Be7 7. Bg5 O-O 8. Be2
Nbd7 9. O-O a6 10. a4 Re8 11. Re1 Nf8 12. h3 Ng6 1/2-1/2